| 000 | 00381 a2200169 4500 | ||
|---|---|---|---|
| 003 | OSt | ||
| 005 | 20180116182722.0 | ||
| 008 | 160425b xxu||||| |||| 00| 0 eng d | ||
| 020 | _a0809205122E | ||
| 040 | _c0 | ||
| 100 | _aLEVEL, MIDDLE | ||
| 245 | _aBEST SELLING CHAPTERS | ||
| 250 | _a2ND | ||
| 260 |
_aNEW DELHI _c1998 |
||
| 300 | _a464 | ||
| 942 |
_aNBS _cBK _k658.8 LEV _2ddc |
||
| 999 |
_c344718 _d344718 |
||